| 000 | 00716nam a2200241Ia 4500 | ||
|---|---|---|---|
| 001 | 8675 | ||
| 003 | GE_BSU | ||
| 008 | 181216s||||||||xx |||||||||||||| ||und|| | ||
| 040 | _cGE_BSU | ||
| 080 | _a821.353.1-11 | ||
| 100 | _aიოსელიანი,შალვა | ||
| 245 | _aდაბრუნება:ამბავი | ||
| 245 | _bპოემა. | ||
| 245 | _cრედ:ლ.შარაშიძე | ||
| 260 | _aბათუმი. | ||
| 260 | _bაჭარის სახელმწიფო გამ-ბა. | ||
| 260 | _c1940. | ||
| 300 | _a100გვ;16სმ. | ||
| 653 | _aამბავი | ||
| 653 | _aდაბრუნება | ||
| 653 | _aპოემა. | ||
| 942 | _cBK | ||
| 999 |
_c41989 _d41989 |
||